[Event "AUTO-OPEN-4654"]
[Site "http://www.queenalice.com/game.php?id=1874101"]
[Date "2026.5.29"]
[Round "1"]
[White "cerenzo72"]
[Black "alexcamargo"]
[Result "1-0"]
[WhiteElo "2078"]
[BlackElo "1913"]

1. b3 d5 2. Bb2 c5 3. e3 Nc6 4. Nf3 Nf6 5. Bb5 Bd7 6. d4 e6 7. c4 a6 8. Ba4 dxc4
9. bxc4 cxd4 10. exd4 b5 11. Bb3 b4 12. O-O Bd6 13. d5 exd5 14. cxd5 Ne7 15.
Bxf6 gxf6 16. Nbd2 a5 17. Nc4 Bb5 18. Qd4 Rc8 19. Qxf6 Rg8 20. Nxd6+ Kf8 21.
Qxf7# 1-0

[Event "AUTO-OPEN-4654"]
[Site "http://www.queenalice.com/game.php?id=1874102"]
[Date "2026.5.29"]
[Round "1"]
[White "alexcamargo"]
[Black "cerenzo72"]
[Result "0-1"]
[WhiteElo "1733"]
[BlackElo "2209"]

1. d4 Nf6 2. c4 d6 3. Nc3 e5 4. Nf3 Nbd7 5. g3 Be7 6. Bg2 O-O 7. O-O c6 8. d5
cxd5 9. Nxd5 Nxd5 10. Qxd5 Nb6 11. Qd3 Be6 12. b3 Bf6 13. Bb2 Qc7 14. Nd2 Rad8
15. e3 Qd7 16. Be4 Be7 17. f4 f5 18. Bf3 e4 19. Nxe4 fxe4 20. Bxe4 d5 0-1

[Event "AUTO-ADV-4938"]
[Site "http://www.queenalice.com/game.php?id=1874146"]
[Date "2026.5.30"]
[Round "1"]
[White "alexcamargo"]
[Black "matamuff"]
[Result "0-1"]
[WhiteElo "1722"]
[BlackElo "1908"]

1. d4 d6 2. c4 e5 3. Nf3 Bg4 4. h3 Bh5 5. Nbd2 Nf6 6. d5 h6 7. e4 Nbd7 8. Be2
Bg6 9. Nh4 Bh7 10. Bd3 Nxe4 11. Nxe4 Qxh4 12. Qe2 Bxe4 13. Bxe4 Qd8 14. O-O Be7
15. b4 O-O 16. a4 Nf6 0-1

[Event "AUTO-ADV-4938"]
[Site "http://www.queenalice.com/game.php?id=1874147"]
[Date "2026.5.30"]
[Round "1"]
[White "matamuff"]
[Black "alexcamargo"]
[Result "1-0"]
[WhiteElo "1923"]
[BlackElo "1668"]

1. Na3 d5 2. Nf3 Nc6 3. c3 e5 4. d3 Bxa3 5. bxa3 Nf6 6. Bg5 d4 7. cxd4 Nxd4 8.
Nxd4 exd4 9. g3 O-O 10. Bg2 h6 11. Bd2 c5 12. O-O Qe7 13. Re1 Rb8 14. Bf4 Ra8
15. e4 Rd8 16. Qb3 b6 17. e5 Rb8 18. exf6 1-0

[Event "AUTO-ADV-4938"]
[Site "http://www.queenalice.com/game.php?id=1874148"]
[Date "2026.5.30"]
[Round "1"]
[White "alexcamargo"]
[Black "Tonto"]
[Result "0-1"]
[WhiteElo "1646"]
[BlackElo "1968"]

1. d4 d5 2. c4 Nf6 3. cxd5 Nxd5 4. e4 Nf6 5. Nc3 e6 6. Nf3 Be7 7. Bd3 Nc6 8. a3
O-O 9. O-O Nxd4 10. e5 Nxf3+ 11. Qxf3 Nd5 12. Bd2 f6 13. Qg3 f5 14. Bc4 c6 15.
b4 f4 0-1

[Event "AUTO-ADV-4938"]
[Site "http://www.queenalice.com/game.php?id=1874149"]
[Date "2026.5.30"]
[Round "1"]
[White "Tonto"]
[Black "alexcamargo"]
[Result "1-0"]
[WhiteElo "1971"]
[BlackElo "1643"]

1. e4 c5 2. Nc3 g6 3. Bc4 Nf6 4. Nf3 Bg7 5. O-O O-O 6. d4 d6 7. dxc5 dxc5 8.
Qxd8 Rxd8 9. Bf4 Nc6 10. Rad1 Bg4 11. Rxd8+ Rxd8 12. Ng5 e6 13. h3 Nh5 14. Bc7
Rd7 15. hxg4 Rxc7 16. Nb5 Rd7 17. gxh5 a6 18. Nxe6 1-0

[Event "AUTO-ADV-4938"]
[Site "http://www.queenalice.com/game.php?id=1874151"]
[Date "2026.5.30"]
[Round "1"]
[White "WHUSIRO"]
[Black "alexcamargo"]
[Result "1/2-1/2"]
[WhiteElo "1897"]
[BlackElo "1842"]

1. e4 c5 2. Nc3 Nc6 3. Nf3 d6 4. d4 cxd4 5. Nxd4 Nf6 6. Bb5 Bd7 7. h3 g6 8. Nxc6
Bxc6 9. Bd3 Bg7 10. Be3 O-O 11. O-O a6 12. Re1 b5 13. a3 d5 14. exd5 Bxd5 15.
Nxd5 Qxd5 16. Be2 Qe6 17. Bf3 1/2-1/2